[Event "Challenge"]
[Site "http://www.queenalice.com/game.php?id=181216"]
[Date "2007.3.13"]
[Round "-"]
[White "Orcleilson"]
[Black "bartataca"]
[Result "1-0"]
[WhiteElo "1452"]
[BlackElo "1211"]

1. e4 e5 2. Bc4 Nf6 3. Nc3 a6 4. Nf3 h6 5. Nxe5 Qe7 6. d4 d5 7. exd5 Nbd7 8. O-O
Qb4 9. Qd3 Nb6 10. b3 Nxc4 11. bxc4 Qe7 12. c5 Qd8 13. Re1 Be7 14. c6 b6 15. Qc4
a5 16. Ne4 Nxd5 17. Nc3 Be6 18. Nd7 Bb4 19. Bd2 Nxc3 20. Bxc3 Bxc3 21. Qxc3 Qg5
22. Re5 Qg6 23. d5 O-O-O 24. dxe6 fxe6 25. Qc4 h5 26. Rxe6 Qg4 27. Qa6# 1-0

[Event "Challenge"]
[Site "http://www.queenalice.com/game.php?id=182249"]
[Date "2007.3.15"]
[Round "-"]
[White "Orcleilson"]
[Black "Francisco_Ferraz"]
[Result "1-0"]
[WhiteElo "1458"]
[BlackElo "1511"]

1. e4 c5 2. Bc4 e6 3. Nf3 Nf6 4. Nc3 Nc6 5. e5 Ng4 6. d4 cxd4 7. Nxd4 Ngxe5 8.
Bb5 a6 9. Ba4 b5 10. Bb3 Bb7 11. Bf4 d5 12. Bxe5 Nxe5 13. O-O Nc4 14. Rb1 g6 15.
a4 b4 16. Nce2 Bg7 17. Bxc4 dxc4 18. b3 c3 19. Qd3 Qd5 20. f3 O-O 21. Rfd1 Rfd8
22. Qc4 Qxc4 23. bxc4 e5 24. Rxb4 exd4 25. Rxb7 d3 26. cxd3 c2 27. Rd2 Bd4+ 28.
Kf1 Be3 29. Rxc2 Rxd3 30. Rb1 Rad8 31. Ke1 f5 32. g3 h5 33. f4 h4 34. gxh4 Bd2+
35. Kf2 Rh3 36. Kg2 Rhd3 37. c5 Be3 38. c6 Rc8 39. c7 Rd7 40. Rb7 Kf7 41. Kf3
Bd2 42. Kg2 Ba5 43. Ra7 Bxc7 44. Rxa6 Re8 45. Rac6 Ba5 46. Nc3 Bxc3 47. R6xc3
Rd4 48. Rc4 Ree4 49. Rc7+ Kg8 50. Rc8+ Kh7 51. R8c7+ Kh6 52. a5 Rxf4 53. Ra2
Rg4+ 54. Kf2 Rdf4+ 55. Ke3 Re4+ 56. Kd3 f4 57. Kxe4 g5 58. hxg5+ Kxg5 59. Rg7+
Kh4 60. Rxg4+ Kxg4 61. Ra3 f3 62. Rxf3 1-0

[Event "Challenge"]
[Site "http://www.queenalice.com/game.php?id=182685"]
[Date "2007.3.15"]
[Round "-"]
[White "Orcleilson"]
[Black "marecup"]
[Result "1-0"]
[WhiteElo "1533"]
[BlackElo "1394"]

1. e4 e5 2. Bc4 Nf6 3. Nc3 Bc5 4. Nf3 d6 5. d3 Nc6 6. Bg5 h6 7. Bxf6 Qxf6 8. Nd5
Qg6 9. O-O O-O 10. Bb5 Bg4 11. Bxc6 Bxf3 12. Qxf3 Qg5 13. Bxb7 Rab8 14. Bc6 Rxb2
15. c4 Rfb8 16. Bb5 c6 17. Bxc6 Rd2 18. Ne3 Bd4 19. Rab1 Rbb2 20. Rxb2 Rxb2 21.
a4 Rd2 22. Be8 f6 23. g3 Bxe3 24. fxe3 Rxd3 25. Re1 Kf8 26. h4 Rxe3 27. Rxe3
Kxe8 28. hxg5 fxg5 29. Qh5+ Ke7 30. Qg6 Kd7 31. Qxg7+ Kc6 32. Qxa7 d5 33. cxd5+
Kd6 34. Rf3 g4 35. Rf6# 1-0

[Event "Challenge"]
[Site "http://www.queenalice.com/game.php?id=182984"]
[Date "2007.3.16"]
[Round "-"]
[White "Orcleilson"]
[Black "holandes"]
[Result "0-1"]
[WhiteElo "1460"]
[BlackElo "1446"]

1. e4 e5 2. Bc4 h6 3. Qh5 Qe7 4. Nf3 Nc6 5. Nc3 Nf6 6. Qh3 a6 7. O-O b5 8. Bd5
g5 9. Qg3 Bb7 10. d3 d6 11. Be3 Qd7 12. b3 b4 13. Na4 Nxd5 14. exd5 Ne7 15. c4
f5 16. Qh3 g4 17. Qh5+ Kd8 18. Nh4 f4 19. Bd2 Rg8 20. Bxb4 a5 21. Bc3 Nc8 22.
Nf5 Rg5 23. Qh4 Qxf5 24. d4 Ke8 25. f3 gxf3 26. Rxf3 Ne7 27. dxe5 Ng6 28. Qf2
dxe5 29. Nc5 Rb8 30. Ne6 Bc8 31. Nxg5 hxg5 32. Bxa5 e4 33. Rh3 g4 34. Rh7 Bd6
35. Bc3 e3 36. Qe2 Be7 37. Rf1 Bg5 38. Ba5 f3 39. gxf3 gxf3 40. Rxf3 Qg4+ 41.
Kh1 Nf4 42. Qxe3+ Kf8 43. Bxc7 Qg2# 0-1

[Event "Challenge"]
[Site "http://www.queenalice.com/game.php?id=189433"]
[Date "2007.3.29"]
[Round "-"]
[White "Orcleilson"]
[Black "hugo10"]
[Result "0-1"]
[WhiteElo "1554"]
[BlackElo "1421"]

1. e4 e5 2. Bc4 Nf6 3. Nc3 c6 4. Nf3 Qc7 5. d4 exd4 6. Qxd4 d5 7. exd5 cxd5 8.
Bxd5 Nxd5 9. Qxd5 Be6 10. Nb5 Qxc2 11. Qxb7 Bc5 12. O-O O-O 13. Qxa8 Qd3 14. Qb7
Bg4 15. Be3 Bxe3 16. h3 Bxf3 17. Qxf3 Qxb5 18. Qxe3 Qxb2 19. Rfe1 a5 20. Qe8 h6
21. a4 Rxe8 22. Rxe8+ Kh7 23. Rae1 Nd7 24. R8e7 Nc5 25. Rxf7 Nd3 26. Rf1 Kg8 27.
Ra7 Nf4 28. Rxa5 Qf6 29. Re1 Qg6 30. Ra8+ Kh7 31. g3 Nxh3+ 32. Kf1 Qf7 33. f4
Qd5 34. Rae8 Qc5 35. R8e3 g5 36. Re7+ Kg8 37. Re8+ Kf7 38. Kg2 Qf5 39. R1e7+ Kg6
40. Re6+ Kh5 41. fxg5 hxg5 42. Re5 Qg4 43. Rh8+ Kg6 44. Rxh3 Qxa4 45. Re6+ Kf5
46. Rhh6 Qc2+ 47. Kh3 g4+ 0-1

[Event "Let's Play Chess!"]
[Site "http://www.queenalice.com/game.php?id=189446"]
[Date "2007.3.29"]
[Round "-"]
[White "Orcleilson"]
[Black "Moondawg"]
[Result "1-0"]
[WhiteElo "1558"]
[BlackElo "1753"]

1. e4 e5 2. Nf3 Nc6 3. d4 exd4 4. Nxd4 Ne5 5. Bf4 d6 6. Be2 Nf6 7. Nc3 d5 8.
Bxe5 dxe4 9. Ndb5 Bd6 10. Bxd6 cxd6 11. Nxd6+ Ke7 12. Ndxe4 Nxe4 13. Nxe4 Qb6
14. b3 Rd8 15. Bd3 Bf5 16. Qf3 Qa5+ 17. c3 Kf8 18. O-O Qd5 19. Rfd1 Re8 20. c4
Qe5 21. Re1 Bxe4 22. Bxe4 b6 23. Rad1 f5 24. Qxf5+ Qxf5 25. Bxf5 Rxe1+ 26. Rxe1
Rd8 27. Bxh7 Kf7 28. f4 g6 29. f5 gxf5 30. Bxf5 Rf8 31. g4 Kf6 32. h3 Kg5 33.
Re7 1-0

[Event "Negra: Paulouk X Ocleilson"]
[Site "http://www.queenalice.com/game.php?id=189584"]
[Date "2007.3.29"]
[Round "-"]
[White "paulouk"]
[Black "Orcleilson"]
[Result "0-1"]
[WhiteElo "1571"]
[BlackElo "1491"]

1. e4 e5 2. a3 d5 3. exd5 Qxd5 4. Nc3 Qd8 5. Bc4 Nc6 6. Qf3 f6 7. d3 Nge7 8. g4
Nd4 9. Qe4 Nxc2+ 10. Kf1 Nxa1 11. Nf3 Nc6 12. Bb5 Bd7 13. Bxc6 Bxc6 14. Qe2 Nb3
15. Kg2 Bc5 16. Rd1 Nd4 17. Qe1 Bxf3+ 0-1

[Event "Challenge"]
[Site "http://www.queenalice.com/game.php?id=189772"]
[Date "2007.3.30"]
[Round "-"]
[White "Orcleilson"]
[Black "QueenMary23"]
[Result "1-0"]
[WhiteElo "1543"]
[BlackElo "1414"]

1. e4 c5 2. d4 d6 3. d5 Qa5+ 4. Bd2 Qa4 5. Nc3 Qd4 6. Nf3 Qb4 7. b3 Nf6 8. Bd3
e5 9. a4 Qb6 10. O-O Ng4 11. Ng5 h6 12. Bb5+ Bd7 13. a5 Qd8 14. Nf3 a6 15. Bxd7+
Nxd7 16. h3 Ngf6 17. Qe2 b5 18. Nh4 g6 19. f3 Be7 20. f4 b4 21. Nd1 Nh5 22. Nf3
exf4 23. Ne1 Ng3 24. Qf3 Nxf1 25. Qxf1 Bf6 26. Ra4 Bd4+ 27. Kh1 g5 28. Nf3 Nf6
29. Nxd4 cxd4 30. Nf2 Rc8 31. c4 1-0

[Event "Challenge"]
[Site "http://www.queenalice.com/game.php?id=193891"]
[Date "2007.4.8"]
[Round "-"]
[White "nandolessa"]
[Black "Orcleilson"]
[Result "0-1"]
[WhiteElo "1751"]
[BlackElo "1523"]

1. e4 e5 2. Nf3 Nc6 3. Bb5 d5 4. Nxe5 Qd6 5. Nxc6 bxc6 6. Ba4 dxe4 7. Qe2 Nf6 8.
Nc3 Bf5 9. d3 Qe6 10. O-O Bd6 11. Bxc6+ Ke7 12. Bxa8 Rxa8 13. Bg5 Qe5 14. Bxf6+
Kxf6 15. Nxe4+ Bxe4 16. Qxe4 Qxh2# 0-1

[Event "Challenge"]
[Site "http://www.queenalice.com/game.php?id=198369"]
[Date "2007.4.17"]
[Round "-"]
[White "Orcleilson"]
[Black "nandolessa"]
[Result "0-1"]
[WhiteElo "1562"]
[BlackElo "1801"]

1. e4 e5 2. d4 b6 3. dxe5 Qe7 4. Nf3 d6 5. Bf4 dxe5 6. Nxe5 f6 7. Bb5+ c6 8.
Qh5+ g6 9. Bxc6+ Nxc6 10. Qh4 Nxe5 11. Bxe5 fxe5 12. Qxe7+ Bxe7 13. O-O Nf6 14.
Re1 Bb7 15. Nd2 O-O 16. f3 Rac8 17. Rac1 Nd7 18. c4 Bg5 19. Rcd1 Nf6 20. Nb1
Rxc4 21. Nc3 Rb4 22. b3 Bc6 23. Rd6 Rc8 24. Nd5 Nxd5 25. exd5 Ba8 26. g3 Be7 27.
Rd7 Bc5+ 28. Kg2 Bd4 29. f4 Re8 30. Rxa7 Bxd5+ 31. Kh3 Rb5 32. Rd7 Be6+ 33. Kh4
Bxd7 34. a4 Rxb3 0-1

[Event "Challenge"]
[Site "http://www.queenalice.com/game.php?id=223988"]
[Date "2007.6.12"]
[Round "-"]
[White "spawnwolfwolverine"]
[Black "Orcleilson"]
[Result "1-0"]
[WhiteElo "1700"]
[BlackElo "1582"]

1. c4 e5 2. e4 Bc5 3. d3 d6 4. Nf3 Nc6 5. Be2 Bd4 6. Nxd4 Nxd4 7. O-O Nf6 8. Bg5
h6 9. Bxf6 Qxf6 10. Na3 Bd7 11. Bg4 Bc6 12. b4 b5 13. cxb5 Nxb5 14. Nxb5 Bxb5
15. Rc1 c6 16. a4 h5 17. Bh3 Ba6 18. Rxc6 Bb7 19. Rc7 Rb8 20. Bd7+ Kf8 21. Qc1
Qd8 22. f4 g6 23. fxe5 dxe5 24. Qc5+ 1-0

[Event "Challenge"]
[Site "http://www.queenalice.com/game.php?id=223989"]
[Date "2007.6.12"]
[Round "-"]
[White "Orcleilson"]
[Black "spawnwolfwolverine"]
[Result "1/2-1/2"]
[WhiteElo "1571"]
[BlackElo "1755"]

1. e4 e5 2. d4 Qf6 3. d5 d6 4. Nf3 Bg4 5. Be2 c6 6. c4 c5 7. Qa4+ Nd7 8. O-O g6
9. Bg5 Qg7 10. b4 b6 11. bxc5 bxc5 12. Qc6 Rb8 13. Qc7 Be7 14. Nc3 Bxf3 15. Bxe7
Bxe2 16. Nxe2 Nxe7 17. Qxd6 Qf6 18. Qc7 Rc8 19. Qxa7 Qd6 20. Rab1 O-O 21. Rb5
Ra8 22. Qb7 Rab8 23. Qa7 Rxb5 24. cxb5 f5 25. f3 Nc8 26. Qa6 Qxa6 27. bxa6 fxe4
28. fxe4 Rxf1+ 29. Kxf1 Kf7 30. Nc3 Nf6 31. Ke2 Ke7 32. Kf3 h6 33. g4 g5 34. Nb5
Nd7 35. a7 Ncb6 36. Nc7 c4 37. Ke2 Kd6 38. a8=Q Nxa8 39. Nxa8 Nc5 40. Nb6 c3 41.
Nc4+ Kd7 42. Nxe5+ Kc7 43. Nf7 Nxe4 44. Kd3 Nf6 45. Kxc3 Nxg4 46. h3 Ne3 47. Kd4
Nc2+ 48. Kc4 h5 49. Nxg5 Kd6 50. a4 Ne3+ 51. Kb5 Nxd5 52. a5 Kc7 53. a6 Nc3+ 54.
Ka5 Kb8 55. h4 Ka7 56. Ne6 Ne4 57. Ng7 Nf6 58. Ne6 Nd5 59. Nd8 Ne7 60. Kb5 Nf5
61. Nc6+ Ka8 62. Ne5 Nxh4 63. Kb6 Nf5 64. Ng6 Nd6 65. Kc6 Nc8 66. Kd5 Ka7 67.
Ke5 Kxa6 68. Kf5 Nd6+ 69. Kg5 h4 1/2-1/2